000 00357nam a2200133Ia 4500
003 GCL
008 140319s9999 xx 000 0 ara d
040 _aGCL /
_cGCL
082 0 4 _a343.052
_bع ت
245 1 0 _aالتشريع الضريبى المصرى
260 _a[S.N] :
_bدار المعرفة الجامعية ،
_c1990
300 _a451 ص
490 _a
999 _c54545
_d54545